000 00798cam a22002291 4500
001 he 68003012
003 DLC
005 20260227111504.0
008 880725r1967uuuuis 000 0 hebr
010 _ahe 68003012
035 _a(OCoLC)18264676
040 _aDLC
_cCU
_dDLC
042 _apremarc
050 0 0 _aBM506.N43
_bK34 1967
100 1 _aKaplan, Alexander Sender ben Zerah,
_cha-Kohen,
_d-1884.
245 1 0 _aSefer Shalme nedarim
_c[asafti omarim, hagahot u-veʼurim ʻal masekhet Nedarim ana Aleksander Sender BAA. Zeraḥ ha-Kohen]
260 _aYerushalayim,
_bha-Tenuʻah le-Hafatsat Torah ba-Yishuvim ha-Ḥadashim,
_c728 [1967 or 8]
300 _a122 p.
_c25 cm.
500 _aReprint of Vilna, 1881 ed.
630 0 0 _aTalmud.
_pNedarim
_xCommentaries.
740 0 _aShalme nedarim.
999 _c33760
_d33760